|
|
|
|
| LEADER |
00000nam0a2200000 4500 |
| 001 |
17957 |
| 005 |
20231030191115.0 |
| 010 |
|
|
|a 5713307867
|
| 035 |
|
|
|a (RuTPU)RU\TPU\book\18105
|
| 035 |
|
|
|a BOOK00000049
|
| 090 |
|
|
|a 17957
|
| 100 |
|
|
|a 20011209d1994 m y0rusy50 ca
|
| 101 |
0 |
|
|a rus
|
| 102 |
|
|
|a RU
|
| 105 |
|
|
|a y j 000zy
|
| 200 |
1 |
|
|a Политическая наука
|e пособие для преподавателей
|f К. С. Гаджиев
|
| 210 |
|
|
|a Москва
|c Международные отношения
|d 1994
|
| 215 |
|
|
|a 397 с.
|
| 333 |
|
|
|a Исключено из фонда НТБ ТПУ
|
| 700 |
|
1 |
|a Гаджиев
|b К. С.
|g Камалудин Серажудинович
|
| 801 |
|
0 |
|a RU
|b 63413507
|c 20011209
|g PSBO
|
| 801 |
|
2 |
|a RU
|b 63413507
|c 20181008
|g PSBO
|
| 942 |
|
|
|c BK
|